000 00572nam a2200217Ia 4500
003 OSt
005 20220615091456.0
008 210210b1983 xxu||||| |||| 00| 0 eng d
040 _cAL
041 _aeng
082 _a574.87 VERC
100 _aVERMA (P S) and AGARWAL (V K).
_942410
245 _aCytology :
_bCell biology and molecular biology
250 _a4
260 _aNew Delhi
_bS. Chand & Co. Ltd.
_c1983
300 _axii,567
650 _aCell Biology Molecular Biology
_942411
690 _aCell Biology
_942412
906 _aSG02646
942 _2ddc
_cBK
999 _c113634
_d113634